Capitale par fleuve - Statistiques

Statistiques générales
  • Ce quiz a été pris 250 fois
  • Le résultat moyen est 9 sur 18
Statistiques - réponses
Fleuve Capitale % Correct
Seine Paris
100%
Tamise Londres
89%
Moskova Moscou
83%
Tibre Rome
69%
Tigre Bagdad
67%
Dniepr Kiev
61%
Amstel Amsterdam
59%
Potomac Washington
58%
Vistule Varsovie
56%
Sprée Berlin
42%
Vltava Prague
36%
Liffey Dublin
34%
Manzanares Madrid
33%
Oubangui Bangui
31%
Han Seoul
25%
Elliðaá Reykjavik
23%
Taedong Pyongyang
21%
Sumida Tokyo
11%
Aucun quiz correspondant
Distribution des résultats
% des personnes avec chaque résultat
Percentile par nombre de réponses
Votre historique - résultats
Vous n’avez pas pris ce quiz